MDQL
is popping MORE tags! Check the
thread
!
Quizzes
Events
Quiz Creation
Community
Videos
Private Events
Remove Ads
Sign In
Join for FREE
Feedback
Dark Mode
Quiz Categories
Sports
Geography
Music
Movies
Television
Just For Fun
Miscellaneous
History
Literature
Language
Science
Gaming
Entertainment
Religion
Holiday
For Kids
Quiz Lab
Recent
Popular Today
Quiz Kudos Today
Editor Picks
Curator Picks
Quizzes by...
Day
Popularity
Type
Ratings
Length
Year
Community
Subscriptions
Recent Discussions
Orange Saloon
Badges
Playlists
Quests
Create
Leaderboards
Showdown
Live 5
Trivia Bingo
Activity
Puzzle Library
Sporcle Events
Private Events
Virtual Trivia
Globe League
Become a Host
Pub Owners
SporcleCon
Opinionation
Our Games
Videos
Blog
Mobile Apps
Partnerships
Remove Ads and Go Orange
Feedback
Sports
Athletes
MLB
NBA
NHL
NFL
Soccer
Sports Teams
WWE
NCAA
Football
Premier League
Basketball
Baseball
Hockey
Golf
Tennis
Cricket
Rugby
Auto Racing
Olympics
World Cup
Sports
Athletes
MLB
NBA
NHL
NFL
Soccer
Sports Teams
WWE
NCAA
Football
Premier League
Basketball
Baseball
Hockey
Golf
Tennis
Cricket
Rugby
Auto Racing
Olympics
World Cup
Random Quiz
Search Sporcle
×
Quiz Lab
Quiz Lab
Sports
Football
Type in answers that appear in a list
Type in answers that appear in a list
Classic
Best Score? Go Orange.
Chelsea Europa League winning side 2012/13 Stats
Can you name Chelsea's Europa League winning side from 2013?
By
FourFourTwo_
4m
20 Questions
22K Plays
22,006 Plays
22,006 Plays
Comments
Comments
Give Quiz Kudos
Give Quiz Kudos
-
- Ratings
hide this ad
More Info
Replay
Link that replays current quiz
Next Quiz
Link to next quiz in quiz playlist
You Got
0%
They Got
Avg Score
68%
Avg Friend Score
Upgrade to see
Score Distribution
Jump to the score distribution portion of the page
Score
0/20
Timer
04:00
0
Plays Today
Games (goals)
Player
% Correct
9 (0)
Petr Cech
95.5%
6 (1)
John Terry
91.4%
7 (1)
Eden Hazard
90.9%
9 (6)
Fernando Torres
88.9%
7 (0)
Frank Lampard
85.9%
6 (1)
Branislav Ivanovic
84.8%
7 (2)
David Luiz
82.6%
4 (0)
Mikel John Obi
78.6%
9 (1)
Oscar
74.4%
4 (0)
Gary Cahill
73.5%
Games (goals)
Player
% Correct
8 (0)
Cesar Azpilicueta
72.9%
6 (4)
Victor Moses
70.4%
3 (0)
Ashley Cole
69.7%
8 (0)
Ramires
68.5%
8 (1)
Juan Mata
68.1%
5 (0)
Yossi Benayoun
65.6%
5 (0)
Ryan Bertrand
31.9%
1 (0)
Paulo Ferreira
29.9%
2 (0)
Nathan Ake
25.7%
3 (0)
Marko Marin
24.6%
Quiz Playlist
Details
Report
Send in Message
Add To Playlist
More Info:
Every player who featured for Chelsea in the Europa League in the 2012/13 season
Classic:
Type in answers that appear in a list
Last Updated: Sep 20, 2018
Quiz Scoreboard
CHALLENGE
Sign Up to Join the Scoreboard
Show All
Scores
Hide
Comments
May contain spoilers
Recently Published
1-10 Letter E Words III
by El_Dandy
Language
2m
Street Fighter Characters
by Artimus82
Gaming
60s
College Basketball Coaching Resumes
by pancakes188
Sports
9m
More to Explore
Quiz From the Vault
Featured Blog Post
Where Did the Easter Bunny Come From?
hide this ad
You Might Also Like...
Tags
Football Quiz
Chelsea
UEFA Europa League
Today's Top Quizzes in Sports
Browse Sports
hide this ad
Today's Top Quizzes in Football
Browse Football
Top Contributed Quizzes in Sports
1
2022 World Cup Stars
2
Les meilleurs buteurs des matchs entre le PSG et l’OM
3
FIFA Club World Cup Champions
4
Les entraîneurs de l'OM et du PSG au 21e siècle
5
Criteria MLB: Left Handed Sluggers
6
2023 MLB Unique Player Accomplishments
7
AFC Teams Reveal (Wrong Answers Minefield)
8
Players with Multiple 50 Home Run Seasons
9
5-to-1: FBS Animal Nicknames
10
5-to-1: UK Sports Teams
Explore More
Trending Topics
Harry Potter
Anime
Disney
NBA
Marvel
Crossword
Kpop
Pokémon
The Office
Country
NFL
Soccer
Song
WWE
Puzzle
hide this ad
More By:
FourFourTwo_
Quiz
Plays
Rating
Category
Featured
Created
Ballon d'Or winners and nominees since 1995
136,270
4.91
Sports
Jul 25, 2017
Premier League Players in 2018 World Cup
96,741
4.34
Sports
Jun 5, 2018
Every manager of 3+ Premier League clubs
86,548
4.59
Sports
Nov 9, 2017
100+ Premier League goals
85,520
4.59
Sports
Feb 5, 2018
Top 20 rated players from FIFA 13 to FIFA 22
79,941
4.03
Sports
Mar 17, 2020
Go to Creator's Profile
Score Distribution
Quiz Creator Spotlight
FourFourTwo_
Follow
Send a Message
Quizzes Created
-
Created Quiz Play Count
-
More By This Creator
Popular Quizzes Today
1
Find the US States - No Outlines Minefield
2
Find the Countries of Europe - No Outlines Minefield
3
The Countries of the World
4
Find the US States
5
Risky Map Clicking: Biggest States A-Z
6
US States
7
Popular People in 1961
8
Movies - When Are They Set?
More Sports Quizzes
What Could Have Been: Sports Relocations
Published
Trending Quizzes
Risky Map Clicking: Least Populous States A-Z
1-10 Letter G Words
1-10 Letter F Words
Countries of the World: 200 Million BC
Risky Map Clicking: Next State Alphabetically
Recently Updated
Beyoncé Albums
pecheneg
Leaping Animals
pecheneg
Reality TV Shows (A-Z)
bhenderson79
Rickey Henderson's Hall of Fame Teammates
pecheneg
Champions League XIs: Arsenal
pecheneg
Quick Pick: Celebrities in WWE's Hall of Fame
aduchscher
A-Z Keypad Blitz II
pecheneg
Multiple Oscar Actors
pecheneg
Mystery Phrase Blitz: Oscar 'Best Actors'
pecheneg
F. Scott Fitzgerald Novels
LTH
Trending Topics
Kpop
Crossword
Harry Potter
Disney
Marvel
Anime
NBA
Song
Country
Puzzle
Pokémon
The Office
Soccer
NFL
WWE
Your Account Isn't Verified!
In order to create a playlist on Sporcle, you need to verify the email address you used during registration. Go to your
Sporcle Settings
to finish the process.
Report this User
Report this user for behavior that violates our
Community Guidelines
.
Details:
Send Report
Go to the Sporcle.com Mobile Site →
Comments